[Event "Hastings Masters op"]
[Site "Hastings"]
[Date "2023.01.05"]
[Round "9"]
[White "Grieve, Harry"]
[Black "Golding, James"]
[Result "1-0"]
[WhiteElo "2438"]
[BlackElo "2089"]
[PlyCount "83"]
[EventDate "2022.12.28"]
[EventType "swiss"]
[EventRounds "10"]
[EventCountry "ENG"]
[SourceTitle "CBM 212 Extra"]
[Source "ChessBase"]
[SourceDate "2023.03.31"]
[SourceVersion "1"]
[SourceVersionDate "2023.03.31"]
[SourceQuality "1"]

1. e4 e5 2. Nf3 Nc6 3. Bc4 Bc5 4. c3 Nf6 5. d4 exd4 6. e5 d5 7. Bb5 Ne4 8. cxd4 Bb4+ 9. Nbd2 0-0 10. 0-0 Ne7 11. Bd3 Bf5 12. Qc2 Nxd2 13. Bxf5 Nxf3+ 14. gxf3 Nxf5 15. Qxf5 f6 16. Qg4 fxe5 17. dxe5 Bc5 18. Be3 Bb6 19. a4 Qe7 20. f4 d4 21. Bd2 a5 22. Ra3 g6 23. Rg3 Kh8 24. Rh3 Rf5 25. Ra1 Bc5 26. Kh1 Qe6 27. Rg1 Kg7 28. Qh4 h5 29. Rhg3 Qd5+ 30. R1g2 Ra6 31. Qh3 Qf7 32. Rg5 Rxg5 33. Rxg5 Be7 34. Rg2 Kh7 35. Qc8 Rb6 36. Qd7 Qe6 37. Qxd4 Rc6 38. Qd3 b6 39. b3 Rc5 40. Be3 Rd5 41. Rxg6 Qf7 42. Rf6+ 1-0

[Event "Hastings Masters op"]
[Site "Hastings"]
[Date "2023.01.04"]
[Round "8"]
[White "Golding, James"]
[Black "Han, Yichen"]
[Result "1-0"]
[WhiteElo "2089"]
[BlackElo "2423"]
[PlyCount "185"]
[EventDate "2022.12.28"]
[EventType "swiss"]
[EventRounds "10"]
[EventCountry "ENG"]
[SourceTitle "CBM 212 Extra"]
[Source "ChessBase"]
[SourceDate "2023.03.31"]
[SourceVersion "1"]
[SourceVersionDate "2023.03.31"]
[SourceQuality "1"]

1. d4 d5 2. c4 e6 3. Nc3 a6 4. cxd5 exd5 5. Nf3 h6 6. Bf4 Nf6 7. e3 Bd6 8. Bxd6 Qxd6 9. Bd3 0-0 10. 0-0 Bg4 11. h3 Bxf3 12. Qxf3 c6 13. Rab1 Nbd7 14. Rfc1 Rac8 15. Na4 b6 16. b3 a5 17. Rc2 Qa3 18. Rbc1 b5 19. Nc5 Nxc5 20. Rxc5 Qxa2 21. Bxb5 Ne4 22. R5c2 Qxb3 23. Bxc6 Rb8 24. Qd1 a4 25. Ra1 a3 26. Qc1 Rfc8 27. Rxa3 Qb4 28. Ra7 Rd8 29. Raa2 Qd6 30. Ra5 Qe6 31. Qa1 Nxf2 32. Rxf2 Qxc6 33. Ra7 Qg6 34. Qa3 Rf8 35. Rd7 Qg5 36. Qe7 Qh5 37. Qe5 Qd1+ 38. Kh2 Rb1 39. Rdxf7 Rxf7 40. Qe8+ Kh7 41. Qxf7 Qg1+ 42. Kg3 Rb6 43. Qf5+ Rg6+ 44. Kf3 Qd1+ 45. Kf4 Qc1 46. g4 Qh1 47. Kg3 Qe1 48. Kh2 Qxe3 49. h4 Qe6 50. Kh3 Kg8 51. h5 Rf6 52. Qxe6+ Rxe6 53. Rf5 Re3+ 54. Kh4 Kh7 55. Rxd5 g5+ 56. hxg6+ Kxg6 57. Rd8 Re4 58. Rd6+ Kg7 59. Kh5 Kf7 60. d5 Rd4 61. Rd7+ Kf6 62. Rd6+ Kg7 63. Rg6+ Kf7 64. d6 Rd1 65. Kxh6 Rh1+ 66. Kg5 Rd1 67. Rf6+ Kg7 68. Re6 Kf7 69. Re7+ Kf8 70. Re6 Kf7 71. Rg6 Rd2 72. d7 Rxd7 73. Kh6 Rd1 74. Rg7+ Kf8 75. g5 Rd6+ 76. Kh7 Rd1 77. Rg8+ Ke7 78. Kg7 Ke6 79. Rf8 Ke7 80. Rf2 Ke6 81. g6 Rg1 82. Kh7 Rh1+ 83. Kg8 Rh3 84. g7 Ke7 85. Re2+ Kd6 86. Re4 Kd5 87. Re7 Rf3 88. Kh7 Rh3+ 89. Kg6 Rg3+ 90. Kf7 Rf3+ 91. Ke8 Rg3 92. Kf8 Kd6 93. Rf7 1-0

[Event "English Online Blitz Gp1"]
[Site "Chess.com INT"]
[Date "2020.05.09"]
[Round "2"]
[White "Ghasi, Ameet K"]
[Black "Golding, James"]
[Result "1-0"]
[WhiteElo "2485"]
[BlackElo "2067"]
[PlyCount "63"]
[EventDate "2020.05.09"]
[EventType "swiss (blitz)"]
[EventRounds "11"]
[EventCountry "ENG"]
[SourceTitle "CBM 196 Extra"]
[Source "ChessBase"]
[SourceDate "2020.07.31"]
[SourceVersion "1"]
[SourceVersionDate "2020.07.31"]
[SourceQuality "1"]

1. c4 e6 2. Nc3 d5 3. e3 Nf6 4. Nf3 c5 5. cxd5 exd5 6. d4 Nc6 7. Bd3 Be7 8. 0-0 0-0 9. Ne5 Qc7 10. Nxc6 bxc6 11. h3 Be6 12. b3 Rac8 13. dxc5 Bxc5 14. Bb2 Be7 15. Rc1 c5 16. Qf3 Qb7 17. Ne2 c4 18. Bxc4 Ne4 19. Bd3 Bf6 20. Bxf6 Nxf6 21. Nd4 Qb4 22. Rcd1 Qa3 23. Bf5 Bxf5 24. Nxf5 g6 25. Nd4 Qe7 26. Rc1 Ne4 27. Qf4 Qb7 28. f3 Nc5 29. Qf6 Nd3 30. Rcd1 Nb4 31. h4 Nxa2 32. h5 1-0

[Event "English Online Blitz Gp2"]
[Site "Chess.com INT"]
[Date "2020.05.09"]
[Round "9"]
[White "Pert, Richard G"]
[Black "Golding, James"]
[Result "1-0"]
[WhiteElo "2416"]
[BlackElo "2067"]
[PlyCount "83"]
[EventDate "2020.05.09"]
[EventType "swiss (blitz)"]
[EventRounds "11"]
[EventCountry "ENG"]
[SourceTitle "CBM 196 Extra"]
[Source "ChessBase"]
[SourceDate "2020.07.31"]
[SourceVersion "1"]
[SourceVersionDate "2020.07.31"]
[SourceQuality "1"]

1. d4 d5 2. Nf3 c5 3. dxc5 Nc6 4. e4 e6 5. Nc3 Nf6 6. e5 Nd7 7. Bf4 Bxc5 8. Bd3 0-0 9. Bxh7+ Kh8 10. Ng5 g6 11. Qe2 Kg7 12. h4 Nd4 13. Qd3 Nf5 14. h5 Nxe5 15. Bxe5+ f6 16. h6+ Kh8 17. Bxg6 fxe5 18. Nf7+ Rxf7 19. Bxf7 Qf6 20. Bh5 e4 21. Qe2 e3 22. 0-0-0 exf2 23. Kb1 Bd7 24. Bf3 Ng3 25. Qd3 Nxh1 26. Rxh1 Bc6 27. Nd1 e5 28. Bxd5 Rd8 29. c4 Bxd5 30. cxd5 e4 31. Qxe4 Bd4 32. Nxf2 Bxf2 33. Rf1 Rf8 34. Qc2 Qf5 35. Qxf5 Rxf5 36. g4 Rf4 37. Kc2 Bg3 38. Rg1 Rxg4 39. Kd3 Rg6 40. Ke4 Kh7 41. Kf5 Rb6 42. Rxg3 1-0

[Event "English Online Blitz Gp2"]
[Site "Chess.com INT"]
[Date "2020.05.09"]
[Round "11"]
[White "Rudd, Jack"]
[Black "Golding, James"]
[Result "1-0"]
[WhiteElo "2331"]
[BlackElo "2067"]
[PlyCount "113"]
[EventDate "2020.05.09"]
[EventType "swiss (blitz)"]
[EventRounds "11"]
[EventCountry "ENG"]
[SourceTitle "CBM 196 Extra"]
[Source "ChessBase"]
[SourceDate "2020.07.31"]
[SourceVersion "1"]
[SourceVersionDate "2020.07.31"]
[SourceQuality "1"]

1. d4 d5 2. c4 e6 3. Nc3 c5 4. cxd5 exd5 5. Nf3 Nc6 6. g3 Nf6 7. Bg2 Be7 8. 0-0 0-0 9. Bg5 c4 10. b3 Qa5 11. Rc1 Bb4 12. Bxf6 gxf6 13. Qd2 Re8 14. bxc4 dxc4 15. d5 Ne5 16. Nxe5 Rxe5 17. Qd4 Bxc3 18. Rxc3 Bd7 19. d6 Rb8 20. Rxc4 Qxa2 21. Rc7 Qe6 22. Qxa7 Rd8 23. Qd4 Rxe2 24. Bd5 Qe5 25. Qc4 Be6 26. Bxe6 Qxe6 27. Qxe6 Rxe6 28. Rb1 Rexd6 29. Rbxb7 Rf8 30. Rc4 Re8 31. Rf4 Rde6 32. Kg2 Kg7 33. Kh3 R8e7 34. Rb3 Re2 35. Kg4 Ra2 36. Rb5 Ree2 37. Rbf5 Re6 38. Kh5 Rb2 39. Rg4+ Kf8 40. Kh6 Rbb6 41. Kxh7 Re5 42. Rgf4 Rxf5 43. Rxf5 Re6 44. h4 Rd6 45. h5 Re6 46. h6 Rd6 47. Kh8 Re6 48. g4 Rd6 49. f4 Re6 50. Ra5 Re8 51. h7 Rd8 52. Rf5 Rd6 53. g5 fxg5 54. fxg5 Rg6 55. Ra5 Ke7 56. Ra7+ Ke6 57. Ra6+ 1-0

[Event "BCF-chT2 1819 (4NCL) Promotion"]
[Site "England"]
[Date "2019.05.05"]
[Round "10.32"]
[White "Delaney, Killian"]
[Black "Golding, James"]
[Result "1-0"]
[WhiteElo "2234"]
[BlackElo "2137"]
[PlyCount "81"]
[EventDate "2018.11.10"]
[EventType "team-tourn"]
[EventRounds "11"]
[EventCountry "ENG"]
[SourceTitle "EXT 2021"]
[Source "ChessBase"]
[SourceDate "2020.10.23"]
[SourceVersion "1"]
[SourceVersionDate "2020.10.23"]
[SourceQuality "1"]
[WhiteTeam "Gonzaga"]
[BlackTeam "KJCA Kings"]
[WhiteTeamCountry "ENG"]
[BlackTeamCountry "ENG"]

1. c4 e6 2. Nc3 d5 3. e3 Nf6 4. Nf3 Be7 5. b3 0-0 6. Bb2 b6 7. Qc2 Bb7 8. d4 c5 9. dxc5 Bxc5 10. cxd5 Nxd5 11. Nxd5 Bxd5 12. Bd3 Bb4+ 13. Ke2 h6 14. e4 Bb7 15. a3 Be7 16. Rhd1 Qe8 17. Rac1 Nc6 18. Qc3 Bf6 19. e5 Be7 20. Bb5 Rc8 21. Qd3 Rc7 22. Qe4 Qc8 23. Bd3 g6 24. Qf4 Kg7 25. b4 Rd8 26. Be4 Ba6+ 27. Ke1 Rxd1+ 28. Rxd1 Bb5 29. h4 Nxb4 30. axb4 Bxb4+ 31. Nd2 Rd7 32. Bxg6 Bxd2+ 33. Rxd2 fxg6 34. Qf6+ Kh7 35. Qxe6 Rc7 36. Qd6 Qb7 37. f3 Qc6 38. Qxc6 Bxc6 39. e6 Be8 40. Bf6 Rc8 41. Rd7+ 1-0

[Event "Paris ChessMates 3rd"]
[Site "Paris"]
[Date "2019.03.29"]
[Round "2.1"]
[White "Melaugh, Shanemelaugh"]
[Black "Golding, James"]
[Result "1-0"]
[WhiteElo "2105"]
[BlackElo "2152"]
[PlyCount "83"]
[EventDate "2019.03.29"]
[EventType "team-tourn"]
[EventRounds "5"]
[EventCountry "FRA"]
[SourceTitle "CBM 189 Extra"]
[Source "ChessBase"]
[SourceDate "2019.06.03"]
[SourceVersion "1"]
[SourceVersionDate "2019.06.03"]
[SourceQuality "1"]
[WhiteTeam "Ireland"]
[BlackTeam "England"]
[WhiteTeamCountry "IRL"]
[BlackTeamCountry "ENG"]

1. c4 e6 2. Nc3 d5 3. d4 c6 4. Bf4 Nf6 5. e3 Be7 6. Nf3 0-0 7. cxd5 exd5 8. Bd3 Nbd7 9. h3 Re8 10. 0-0 Nf8 11. Bh2 Ng6 12. Rb1 Bd6 13. Bxd6 Qxd6 14. b4 Ne4 15. Qc2 f5 16. b5 Bd7 17. Rfc1 a6 18. bxc6 Bxc6 19. Rb6 Qe7 20. Qb3 Qd7 21. h4 h5 22. Qb1 Kh8 23. Nxd5 Qxd5 24. Bc4 Qd7 25. d5 Bxd5 26. Bxd5 Qxd5 27. Rxg6 Re7 28. Ng5 Nf6 29. Nh3 Ne4 30. Nf4 Qf7 31. f3 Nd2 32. Qb2 Nxf3+ 33. gxf3 Kh7 34. Qg2 Rxe3 35. Qg5 Rae8 36. Rc2 Qd7 37. Rg2 R8e7 38. Nxh5 Re1+ 39. Kh2 Qc7+ 40. f4 R1e2 41. Nf6+ gxf6 42. Qh5# 1-0

[Event "BCF-chT2a 1819 (4NCL)"]
[Site "England"]
[Date "2019.03.16"]
[Round "7.33"]
[White "Golding, James"]
[Black "Walker, Martin Graham"]
[Result "1/2-1/2"]
[WhiteElo "2152"]
[BlackElo "2142"]
[PlyCount "166"]
[EventDate "2018.11.10"]
[EventType "team-tourn"]
[EventRounds "11"]
[EventCountry "ENG"]
[SourceTitle "EXT 2021"]
[Source "ChessBase"]
[SourceDate "2020.10.23"]
[SourceVersion "1"]
[SourceVersionDate "2020.10.23"]
[SourceQuality "1"]
[WhiteTeam "KJCA Kings"]
[BlackTeam "Anglian Avengers"]
[WhiteTeamCountry "ENG"]
[BlackTeamCountry "ENG"]

1. d4 Nf6 2. c4 g6 3. Nc3 d5 4. Bg5 Ne4 5. Bh4 Nxc3 6. bxc3 dxc4 7. e3 Bg7 8. Bxc4 0-0 9. Nf3 c5 10. 0-0 Nc6 11. Rb1 Na5 12. Bd3 Be6 13. Qa4 b6 14. Be4 Rc8 15. Rfd1 Qc7 16. Bg3 Qd7 17. Qc2 cxd4 18. Nxd4 Bd5 19. Nb5 e6 20. Bxd5 exd5 21. e4 a6 22. Rxd5 Qc6 23. Nd6 Qxc3 24. Qxc3 Rxc3 25. h3 Nc4 26. Nxc4 Rxc4 27. Rxb6 Ra4 28. Rd2 Re8 29. e5 Bxe5 30. Re2 f6 31. Rxf6 Bxf6 32. Rxe8+ Kf7 33. Re2 Rc4 34. Bd6 a5 35. g3 a4 36. Kg2 Rc6 37. Bb4 Rc4 38. a3 Rd4 39. Rc2 Rd7 40. Rc5 Bd4 41. Rc4 Bf6 42. Ba5 Ra7 43. Bb4 Ke6 44. Rc6+ Kf7 45. Bc5 Ra5 46. Rc7+ Kg8 47. Bb4 Ra6 48. Rd7 Bb2 49. f3 Rc6 50. Rd2 Bc1 51. Re2 g5 52. Kf2 Kf7 53. Ke1 Rf6 54. Kd1 Bxa3 55. Bxa3 Rxf3 56. Bd6 h5 57. Ke1 Rb3 58. h4 gxh4 59. gxh4 Rh3 60. Rh2 Rd3 61. Bf4 Ke6 62. Bg5 a3 63. Rf2 Rh3 64. Kf1 Kd5 65. Kg2 Rb3 66. Bc1 Rc3 67. Bg5 Rb3 68. Bf6 Ke4 69. Ba1 Rd3 70. Bf6 Rb3 71. Kh2 Rd3 72. Rg2 Kf5 73. Bg7 Kf4 74. Bh6+ Kf5 75. Rf2+ Kg6 76. Bg5 Rb3 77. Rf6+ Kg7 78. Ra6 Kf7 79. Kg2 Rc3 80. Kf2 Rh3 81. Kg2 Rc3 82. Kf1 Rh3 83. Kg2 Rc3 1/2-1/2

[Event "Basingstoke 4NCL Spring Bank op-B 1st"]
[Site "Basingstoke"]
[Date "2018.05.27"]
[Round "5"]
[White "Golding, James"]
[Black "Ramprasad, Cherupalli"]
[Result "1/2-1/2"]
[WhiteElo "2025"]
[BlackElo "1827"]
[PlyCount "41"]
[EventDate "2018.05.25"]
[EventType "swiss"]
[EventRounds "7"]
[EventCountry "ENG"]
[SourceTitle "CBM 184 Extra"]
[Source "ChessBase"]
[SourceDate "2018.06.28"]
[SourceVersion "1"]
[SourceVersionDate "2018.06.28"]
[SourceQuality "1"]

1. d4 d5 2. c4 c6 3. Nf3 Nf6 4. Nc3 dxc4 5. a4 Bf5 6. e3 e6 7. Bxc4 Bb4 8. 0-0 Nbd7 9. Qe2 Bg6 10. Rd1 Qe7 11. Bd2 0-0 12. Nb1 Bxd2 13. Nbxd2 e5 14. dxe5 Nxe5 15. Nxe5 Qxe5 16. Nf3 Qe7 17. Rd4 Rad8 18. Rad1 Rxd4 19. Rxd4 Be4 20. Qd1 h6 21. h3 1/2-1/2

[Event "BCF-chT2b 1718 (4NCL)"]
[Site "England"]
[Date "2017.11.12"]
[Round "2.74"]
[White "Mason, Donald"]
[Black "Golding, James"]
[Result "1-0"]
[WhiteElo "2200"]
[BlackElo "2051"]
[PlyCount "67"]
[EventDate "2017.11.11"]
[EventType "team-tourn"]
[EventRounds "7"]
[EventCountry "ENG"]
[SourceTitle "EXT 2020"]
[Source "ChessBase"]
[SourceDate "2019.10.17"]
[SourceVersion "1"]
[SourceVersionDate "2019.10.17"]
[SourceQuality "1"]
[WhiteTeam "Warwicks Select"]
[BlackTeam "KJCA Kings"]
[WhiteTeamCountry "ENG"]
[BlackTeamCountry "ENG"]

1. e4 e5 2. Bc4 Nc6 3. Nf3 Nf6 4. d3 Bc5 5. c3 d6 6. Bb3 Bb6 7. Nbd2 Be6 8. Nc4 h6 9. Nxb6 axb6 10. Bxe6 fxe6 11. 0-0 0-0 12. Re1 Qe8 13. b4 Kh7 14. d4 exd4 15. Nxd4 e5 16. Nf3 Nd8 17. a4 Ne6 18. Ra2 g5 19. Nd2 Nf4 20. Nf1 Qf7 21. Rb2 Qg6 22. f3 h5 23. Ng3 g4 24. Bxf4 exf4 25. Nf5 Qg5 26. a5 gxf3 27. axb6 d5 28. bxc7 dxe4 29. Nd6 Rg8 30. Nxe4 Nxe4 31. Rxe4 fxg2 32. Qd7+ Rg7 33. Qd3 Ra1+ 34. Re1+ 1-0

[Event "Wakefield 4NCL op 14th"]
[Site "Wakefield"]
[Date "2017.07.15"]
[Round "2"]
[White "Golding, James"]
[Black "Murphy, Conor"]
[Result "1/2-1/2"]
[WhiteElo "1942"]
[BlackElo "2154"]
[PlyCount "134"]
[EventDate "2017.07.14"]
[EventType "swiss"]
[EventRounds "5"]
[EventCountry "ENG"]
[SourceTitle "CBM 179 Extra"]
[Source "ChessBase"]
[SourceDate "2017.08.23"]
[SourceVersion "1"]
[SourceVersionDate "2017.08.23"]
[SourceQuality "1"]

1. d4 d5 2. c4 e6 3. Nc3 c6 4. Nf3 dxc4 5. e3 b5 6. a4 Bb4 7. Bd2 a5 8. axb5 Bxc3 9. Bxc3 cxb5 10. b3 Bb7 11. bxc4 b4 12. Bb2 Nf6 13. Bd3 0-0 14. 0-0 Nbd7 15. Re1 Ne4 16. Qc2 f5 17. c5 Qc7 18. Bb5 Bc6 19. Ba4 g5 20. Nd2 Bxa4 21. Rxa4 Nb6 22. Nxe4 Nxa4 23. Nxg5 Qe7 24. Nxe6 Qxe6 25. Qxa4 Qd5 26. f3 Ra6 27. Kf2 h5 28. Qb5 Rfa8 29. Qe2 a4 30. e4 Qa2 31. Ra1 Qb3 32. Qd2 f4 33. Bc1 Qe3+ 34. Qxe3 fxe3+ 35. Kxe3 a3 36. Kd3 b3 37. Kc3 b2 38. Bxb2 axb2 39. Rb1 Ra3+ 40. Kxb2 Rb8+ 41. Kxa3 Rxb1 42. c6 Kf7 43. d5 Ke8 44. c7 Kd7 45. d6 Rg1 46. g3 Re1 47. Kb3 Re3+ 48. Kc4 Rxf3 49. e5 Re3 50. Kd4 Re2 51. h3 Rc2 52. Kd5 Rd2+ 53. Ke4 Re2+ 54. Kf4 Rf2+ 55. Ke3 Rc2 56. g4 hxg4 57. hxg4 Rc1 58. g5 Re1+ 59. Kf4 Rf1+ 60. Ke4 Re1+ 61. Kf5 Rf1+ 62. Kg6 Re1 63. Kh7 Rxe5 64. g6 Re8 65. g7 Kxd6 66. g8Q Rxg8 67. Kxg8 Kxc7 1/2-1/2